| 000 | 00607pam a2200193 a 4500 | ||
|---|---|---|---|
| 020 | _a0803923031 | ||
| 040 | _cDLC | ||
| 082 | 0 | 0 | _a300 SAG 1985 A070 Or. |
| 100 | 1 | _aBrinberg, David. | |
| 245 | 1 | 0 | _aValidity and the research process / |
| 260 |
_aBeverly Hills : _bSage Publications, _cc1985. |
||
| 300 |
_a175 p. : _bill. ; _c23 cm. |
||
| 500 | _aIncludes indexes. | ||
| 650 | 0 | _aSocial sciences | |
| 700 | 1 | _aMcGrath, Joseph Edward, | |
| 856 | 4 | 2 | _uhttp://www.loc.gov/catdir/enhancements/fy0654/85001903-d.html |
| 856 | 4 | 1 | _uhttp://www.loc.gov/catdir/enhancements/fy0654/85001903-t.html |
| 942 | _cEK | ||
| 999 |
_c14805 _d14805 |
||